000 00331 a2200109 4500
001 ART_8761
005 20260410161845.0
008 260409a
245 1 0 _aLa composición orgánica del capital
100 1 _aRobinson, Joan
773 0 _tEl trimestre económico
_g- Vol. XLVI, Nº 183 (jul./set. 1979)
_wREV6933
999 _c24424
_d24424